| 000 | 00383cas a2200121 4500 | ||
|---|---|---|---|
| 008 | 131128n eng u | ||
| 035 | _a(Sirsi) a181866 | ||
| 050 | _aEMP2013.01 | ||
| 110 | _aFNV/PSI/ LRS | ||
| 245 |
_aCollective Bargaining in the Public Sector in Zambia Report of Baseline Survey/ _c prepared by Grayson Koyi |
||
| 260 |
_aLusaka: _bFNV/PSI/LRS _c2010 |
||
| 300 | _a39p. | ||
| 999 |
_c23650 _d23650 |
||